000 00449nam a2200157Ia 4500
008 220531s9999 xx 000 0 und d
041 _amar
100 _aकुलकर्णी पी . के.
_934538
245 _aउदयोगाचे समाजशास्‍त्र
260 _bMangesh
_c1995
300 _a288
542 _d11-02-1997
650 _aSociology
_934539
906 _d1996-1997
_f4902
999 _c21279
_d21279